[Event "Forni di Sopra Dolomiti 2018"]
[Site "Forni di Sopra"]
[Date "2018.06.09"]
[Round "1.1"]
[White "Santos Ruiz, Miguel"]
[Black "Simonetto, Andrea"]
[Result "1-0"]
[WhiteElo "2527"]
[BlackElo "2267"]
[Annotator "TA"]
[PlyCount "59"]
[EventDate "2018.??.??"]
[EventType "swiss"]
[EventCountry "ITA"]
[SourceTitle "playchess.com"]
[Source "ChessBase"]
[SourceQuality "1"]

{[%evp 22,59,70,60,64,51,106,116,139,141,200,198,183,122,177,195,165,-1950,161,-2347,-83,-1725,216,232,222,226,206,216,270,287,314,314,354,370,366,372,620,611,614,613]} 1. d4 d5 2. c4 e6 3. Nc3 Nf6 4. cxd5 exd5 5. Bg5 c6 6. e3 Be7 7. Bd3 Nbd7 8. h3 {D35: Queen's Gambit Declined: Exchange Variation} (8. Nge2 Nf8 9. Qc2 Ne6 10. Bh4 g6 11. f3 O-O 12. O-O-O b6 13. g4 Bb7 14. Kb1 Rc8 15. Bxf6 Bxf6 16. h4 c5 17. h5 Qe7 18. f4 Rfe8 19. hxg6 fxg6 {1-0 (33) Wojtaszek,R (2738)-Yilmaz,M (2619) Batumi 2018}) 8... Ne4 9. Bxe7 Qxe7 10. Bxe4 dxe4 11. Qg4 Nf6 12. Qxg7 {LiveBook: 4 Games} Rg8 13. Qh6 {[#]} Be6 $146 (13... Rxg2 $14 14. Nge2 Rg6) ({Predecessor:} 13... Rxg2 14. Nge2 Rg6 15. Qh4 Bf5 {1-0 (43) Dobrov,V (2515)-Kiriakov,P (2555) playchess.com INT 2006}) 14. Nge2 O-O-O 15. Nf4 c5 (15... Bc4 $16 {is a better defense.} 16. O-O-O Kb8) 16. Rc1 $18 Kb8 17. Nxe6 ({White should try} 17. dxc5 $18 {Hoping for 0-0.} Bc4 18. g4) 17... Qxe6 (17... fxe6 $16 18. Qf4+ Ka8) 18. Nb5 (18. dxc5 $6 Rxg2 19. Qh4 Ka8 $11) 18... Nd5 19. dxc5 $4 {[%mdl 8192]} (19. Qxe6 $18 fxe6 20. dxc5) 19... Rxg2 $4 {[%mdl 8192]} (19... Qxh6 $19 20. Nd6 Rxg2) 20. Nd6 $4 {[%mdl 8192]} (20. Qxh7 $2 Qf6 $19) (20. Qxe6 $18 fxe6 21. Rc4) 20... Nb4 $2 (20... Qxh6 $19 {is more deadly.} 21. Rf1 Rxf2 $1 {[%mdl 512]} 22. Rxf2 Qxe3+ 23. Re2 Qxc1+ 24. Kf2 Rg8 25. Rxe4 Qd2+ 26. Kf1 Ne3+ 27. Rxe3 Qxe3 28. Nxf7 Rg1#) 21. Kf1 $2 {[%mdl 8192] [#]} (21. Qxe6 $17 Nd3+ 22. Kd2 Rxf2+ 23. Kc3 fxe6 24. Rc2 Rxc2+ 25. Kxc2) 21... Rgg8 $4 {[%mdl 8192]} (21... Rxf2+ $1 $19 {[%mdl 512] and life is good for Black.} 22. Kxf2 Qxh6) 22. Qxe6 $40 {[%mdl 128] White wants a kill.} (22. Qxh7 Nd3 $19) 22... fxe6 23. Rc4 (23. Nxe4 $6 Nxa2 24. Ra1 Nb4 $16) 23... Nd3 {[#]} 24. b4 $1 (24. Nxe4 $6 Nxc5 25. Ke2 Nxe4 $16) 24... b6 25. Ke2 (25. Nxe4 b5 $16) (25. Rxe4 bxc5 26. Rxe6 cxb4 $16) 25... bxc5 26. bxc5 (26. Nxe4 cxb4 27. Rd1 Ne5 $18) 26... Nxc5 27. Rb1+ ({Not} 27. Rxc5 Rxd6 28. Rb1+ Rb6 $16) (27. Nxe4 Nxe4 28. Rb1+ (28. Rxe4 Rd6 $16) 28... Ka8 $16) 27... Ka8 28. Nb5 {[%cal Rb5c7]} ({Less strong is} 28. Rxc5 Rxd6 29. Rc4 Rgd8 $16) ({Weaker is} 28. Nxe4 Nxe4 29. Rxe4 Rd6 $16) 28... Rc8 $2 (28... Nb7 29. Nc7+ Kb8 30. Nxe6 Rd7) 29. Rbc1 a6 30. Nd4 {Precision: White = 61%, Black = 14%.} 1-0

[Event "Forni di Sopra Dolomiti 2018"]
[Site "Forni di Sopra"]
[Date "2018.06.09"]
[Round "1.2"]
[White "De Santis, Alessio"]
[Black "Lazic, Miroljub"]
[Result "0-1"]
[WhiteElo "2260"]
[BlackElo "2506"]
[Annotator "TA"]
[PlyCount "56"]
[EventDate "2018.??.??"]
[EventType "swiss"]
[EventCountry "ITA"]
[SourceTitle "playchess.com"]
[Source "ChessBase"]
[SourceQuality "1"]

{[%evp 11,56,30,27,22,20,16,22,15,25,14,30,-17,-19,-40,-33,-52,-54,-60,-76,-75,-69,-60,-72,-59,-60,-67,-61,-60,-63,-79,-79,-79,-74,-79,-76,-86,-98,-91,-91,-104,-105,-106,-106,-143,-103,-693,-687]} 1. b3 d5 2. Bb2 c5 3. e3 Nc6 4. Bb5 Qd6 (4... Bd7 5. Nf3 Nf6 6. O-O e6 7. c4 dxc4 8. Bxc4 Be7 9. Be2 O-O 10. Na3 Nd5 11. Nc4 Bf6 12. Rc1 Bxb2 13. Nxb2 Qe7 14. Qc2 b6 {½-½ (24) Karjakin,S (2782)-Anand,V (2760) Stavanger 2018}) 5. Nf3 a6 6. Bxc6+ {A01: Nimzowitsch-Larsen Opening} Qxc6 {LiveBook: 4 Games} 7. Ne5 Qc7 8. O-O {The position is equal.} Nf6 9. c4 $146 ({Predecessor:} 9. d4 e6 10. Nd2 Bd6 11. Rc1 b5 12. c4 O-O {½-½ (43) Johansen,J (2357)-Sergiev,S (2288) ICCF email 2009}) 9... dxc4 10. bxc4 e6 11. Qa4+ Nd7 12. d4 Bd6 13. Nd2 O-O 14. f4 cxd4 15. exd4 Nxe5 16. fxe5 Bxe5 17. dxe5 {[#] aiming for Ba3.} Qb6+ 18. c5 Qxb2 19. Nf3 $1 Qb5 $1 {[%cal Rb5a4]} 20. Qxb5 axb5 21. Rfd1 b4 22. Rd4 Ra5 23. Rc1 Rxa2 24. Rxb4 Rd8 25. Rb6 h6 26. Rd6 {[#]} Rd7 $1 27. h3 Kf8 28. Nd2 $2 {[%mdl 8192]} (28. Nd4 $17) 28... Rxd2 {Precision: White = 40%, Black = 91%.} 0-1

[Event "Forni di Sopra Dolomiti 2018"]
[Site "Forni di Sopra"]
[Date "2018.06.09"]
[Round "1.3"]
[White "Castellanos Rodriguez, Renier"]
[Black "Martinez, Ayelen"]
[Result "1-0"]
[WhiteElo "2501"]
[BlackElo "2209"]
[Annotator "TA"]
[PlyCount "73"]
[EventDate "2018.??.??"]
[EventType "swiss"]
[EventCountry "ITA"]
[SourceTitle "playchess.com"]
[Source "ChessBase"]
[SourceQuality "1"]

{[%evp 12,73,0,-34,23,27,14,0,0,0,0,0,1,0,0,0,0,0,0,0,62,63,161,165,141,102,139,127,152,167,150,66,218,214,252,207,187,193,312,250,314,321,318,299,302,291,309,295,325,320,325,298,298,296,300,283,564,545,554,553,548,532,675,671]} 1. Nf3 d5 2. e3 c5 3. c4 d4 4. exd4 cxd4 5. g3 {[%cal Bg2g3,Bg3g4][%mdl 32]} Nc6 6. Bg2 {A09: Reti-Eröffnung} (6. d3 g6 7. Bg2 Bg7 8. O-O Nf6 9. Na3 O-O 10. Nc2 a5 11. a3 Nd7 12. Rb1 a4 13. Bd2 Nc5 14. Bb4 Qb6 15. Bxc5 Qxc5 16. b4 axb3 17. Rxb3 {0-1 (50) Pantsulaia,L (2612)-Sethuraman,S (2646) Riadh 2017}) 6... Nf6 7. d3 {LiveBook: 11 Partien} Bg4 ({Besser ist} 7... e5 $15) 8. h3 $146 {Weiß hat minimalen Vorteil.} ({Vorgänger:} 8. O-O g6 9. Re1 Bg7 10. Na3 O-O 11. h3 Bf5 12. Nc2 {0-1 (29) Rouverol,G-Saint Bonnet,G Charbonnieres 1968}) 8... Bh5 9. a3 a5 10. g4 Bg6 11. Nh4 Nd7 12. Nxg6 hxg6 13. Nd2 e6 14. Ne4 Be7 15. O-O g5 (15... f5 $11 16. Nd2 Qc7) 16. f4 $14 Nc5 (16... gxf4 $14 17. Bxf4 Nde5) 17. Nxc5 $18 (17. Nxg5 $6 Qb6 $14) (17. fxg5 $6 Nxe4 18. Bxe4 Bxg5 $14) 17... Bxc5 18. Qb3 Qc7 {[#]} 19. Qb5 $1 {[%cal Rb5c5]} Qb6 20. Bd2 a4 21. f5 ({Günstiger ist} 21. fxg5 $16 Qxb5 22. cxb5) 21... e5 $2 (21... f6 $14) 22. f6 (22. Bxg5 $6 f6 $16) 22... gxf6 23. Qxb6 Bxb6 24. Rxf6 O-O-O (24... Ba5 $142) 25. Re1 ({Keinesfalls} 25. Bxg5 Rdf8 $18) 25... Bc7 26. Rxf7 Rdg8 27. Rf5 Bd8 28. Bd5 Rg7 29. Kg2 Rgh7 30. Rf3 ({Nicht} 30. Bxg5 Rxh3 31. Bxd8 Rh2+ 32. Kf1 Rxd8 $18) 30... Ne7 31. Bf7 ({Schwächer ist} 31. Rxe5 Ng6 $14) 31... Nc6 32. Bg6 Rh6 33. Be4 Ne7 $2 {[#]} (33... Ba5 {war angesagt.}) 34. Bxg5 {Weiß steht klar auf Gewinn.} Rb6 35. Re2 Rg8 36. Bf6 Rxf6 37. Rxf6 {Precision: Weiß = 71%, Schwarz = 31%.} 1-0

[Event "Forni di Sopra Dolomiti 2018"]
[Site "Forni di Sopra"]
[Date "2018.06.09"]
[Round "1.4"]
[White "Sgircea, Silvia-Raluca"]
[Black "Stella, Andrea"]
[Result "0-1"]
[WhiteElo "2204"]
[BlackElo "2500"]
[Annotator "TA"]
[PlyCount "186"]
[EventDate "2018.??.??"]
[EventType "swiss"]
[EventCountry "ITA"]
[SourceTitle "playchess.com"]
[Source "ChessBase"]
[SourceQuality "1"]

{[%evp 9,186,42,45,36,41,45,36,16,18,26,22,19,18,21,11,5,27,24,22,0,7,-6,9,19,3,-99,-51,-175,-136,-148,22,18,63,-20,10,0,-6,-21,0,0,0,0,43,0,34,0,0,0,0,0,0,-10,0,0,0,0,3,-125,-95,-120,-97,-87,-114,-129,-10,-189,-107,-158,-135,-202,-156,-156,-156,-161,-164,-164,-156,-144,-100,-119,-111,-111,-118,-112,-118,-105,-86,-90,-85,-87,-83,-118,-89,-156,-156,-156,-156,-156,-156,-156,-156,-156,-130,-156,-156,-215,-215,-215,-215,-215,-215,-215,-215,-215,-215,-215,-215,-215,-215,-215,-215,-215,-215,-215,-215,-215,-215,-215,-215,-215,-215,-215,-215,-215,-215,-215,-215,-215,-215,-215,-215,-215,-215,-215,-215,-215,-215,-215,-215,-215,-215,-215,-215,-3672,-215,-215,-215,-215,-215,-215,-215,-215,-215,-215,-201,-201,-201,-201,-201,-29966,-29967,-29966,-29960,-29963,0,-7031,-6714,-29971,-29967]} 1. Nf3 c5 2. c4 Nc6 3. d4 cxd4 4. Nxd4 e5 5. Nc2 (5. Nb5 a6 6. Nd6+ Bxd6 7. Qxd6 Qf6 8. Qd2 Nge7 9. Nc3 O-O 10. g3 b5 11. c5 Nd4 12. Bg2 Rb8 {0-1 (28) Lagno,K (2556)-Grandelius,N (2647) Caleta 2018}) 5... f5 {LiveBook: 4 Games} 6. g3 {A30: Symmetrical English: Double Fianchetto and Hedgehog} Nf6 7. Bg2 Bc5 8. O-O {White is slightly better.} O-O 9. Nc3 d6 10. Rb1 $146 ({Predecessor:} 10. Bg5 Be6 11. Nd5 Bxd5 12. Bxd5+ Kh8 {1-0 (39) Shchekachev,A (2526)-Murey,J (2447) Metz 2005}) 10... Be6 11. b4 Bb6 12. Nd5 Ne4 13. Qd3 Kh8 14. Nxb6 axb6 15. a3 Rc8 16. Ne3 Nf6 $1 17. Rd1 (17. Bb2 $11 {remains equal.}) 17... f4 $17 18. gxf4 (18. Nc2 $15) 18... exf4 $19 19. Nf1 f3 $2 (19... Ng4 $17 {White must now prevent ...Qh4.} 20. Qc3 Qh4) 20. exf3 $11 d5 21. Bb2 ({White should try} 21. cxd5 $14 Nxd5 22. Ne3) 21... dxc4 22. Qe2 Qe7 23. b5 Bf5 24. Qxe7 Nxe7 25. Rbc1 Ned5 26. Ne3 Bd3 27. Bf1 Bxf1 28. Kxf1 c3 29. Ba1 Rc5 30. a4 h6 31. Rd4 Rfc8 32. Ke2 g5 33. Kd3 (33. Kd1 $11 {keeps the balance.}) 33... Nf4+ $17 34. Kc2 Ne2 $1 $36 {[%csl LRc1,LRd4][%mdl 2048] Black is in control.} 35. Rcd1 Nxd4+ 36. Rxd4 Ne8 (36... Kg7 $17 {Threatening ...Kf7.} 37. Rd6 R8c7 38. Rxb6 h5) 37. Nd1 $2 (37. Rd3 $1 $11) 37... Rf5 ({Black should play} 37... Rc4 $19 38. Rd7 Kg8 39. Bxc3 R8c7) 38. Bxc3 ({Better is} 38. Rd7) 38... Kg8 39. Rd7 (39. h4 $17) 39... Rxf3 40. Rxb7 Nc7 41. Rxb6 Nd5 $1 {[%csl LRb6,LRc3]} 42. Rc6 Rxc6 43. bxc6 $19 {[%mdl 4096] Endgame KRN-KBN} Rf8 44. Kb3 Rc8 45. Bd4 Rxc6 46. Nb2 Kf7 47. Nd3 {aiming for Ne5+.} Ke8 (47... Rc8 {keeps more tension.} 48. a5 Ke6 49. f3 Kd6 50. Bg7 h5) 48. a5 Kd8 49. Nc5 Nc7 50. Nd3 Kc8 51. f4 (51. Kb4 $142) 51... Ne6 $17 52. Be3 gxf4 53. Nxf4 Nxf4 54. Bxf4 {KR-KB} Kb7 55. Kb4 Ka6 56. Bd2 h5 57. h4 (57. Be1 $17) 57... Rc2 58. Bg5 Rc8 59. Bd2 Rd8 60. Bc3 Rf8 61. Bd2 Rf2 62. Bg5 Rf5 63. Bd8 Rd5 64. Bb6 Re5 65. Kc3 Re4 66. Bd8 Re8 67. Bb6 Re5 68. Kd3 {[#]} Re1 $1 69. Kc3 Kb5 70. Bd8 Rc1+ 71. Kd2 Rc8 72. Bf6 Re8 73. Bc3 Re4 74. Bf6 Kxa5 75. Kd3 Rg4 76. Ke3 Kb5 77. Kf3 Kc4 78. Bg5 Kd5 79. Bd8 Ke5 80. Bg5 Kf5 81. Be7 $2 (81. Bd8) 81... Rc4 $2 (81... Rf4+ 82. Kg3 Re4) 82. Bg5 $19 Rc3+ 83. Kg2 Kg4 84. Kf2 Rc2+ 85. Ke3 Rb2 86. Bf6 Rb3+ 87. Ke2 Rb6 88. Bg5 Kg3 89. Bd8 $2 {[#]} (89. Kd3 $19) 89... Re6+ 90. Kf1 Kf3 91. Bg5 Kg3 (91... Re4 $142 92. Bf6 Kg3 93. Bg5 Re5 94. Bd8 Re6 95. Bg5 Re4 96. Bd2 Kxh4 97. Ba5 Kg4 98. Bc7 h4 99. Kg2 Re2+ 100. Kf1 Kf3 101. Kg1 Rg2+ 102. Kh1 Rb2 103. Bd6 Kg4 104. Kg1 Rd2 105. Be5 Rd3 106. Kf2 Rd5 107. Bb8 Rc5 108. Kg2 Rc2+ 109. Kg1 Rb2 110. Be5 Re2 111. Bd6 Rc2 112. Kf1 Kf3 113. Kg1 Kg4 114. Kf1 Kf3 115. Kg1 Rg2+ 116. Kh1 Rg6 117. Bc7 Rg7 118. Bd6 Rg6 119. Bc7 Rc6 120. Be5 Rc2 121. Kg1 Rg2+ 122. Kh1 Re2 123. Bd6 Re6 124. Bb8 Re8 125. Bd6 Kg4 126. Kg1 Re6 127. Bb8 Rb6 128. Bc7 Rc6 129. Be5 Rc5 130. Bd6 Rc6 131. Bb8 Rc1+ 132. Kf2 Rc2+ 133. Kf1 Kf3 134. Kg1 Rg2+ 135. Kh1 Rc2 136. Bd6 Kg4 137. Bb8 Rb2 138. Be5 Re2 139. Bb8 Rc2 140. Be5 Kf5 141. Bd6 Ke6 142. Bb8 Kf5 143. Kg1 Kg4 144. Kf1 Kf3 145. Kg1 Kg4 146. Bd6 Rd2 147. Be5 Rd5 148. Bb8 Rd2) 92. Bd8 Re4 93. Bg5 Re8 {Precision: White = 42%, Black = 67%.} 0-1

[Event "Forni di Sopra Dolomiti 2018"]
[Site "Forni di Sopra"]
[Date "2018.06.09"]
[Round "1.5"]
[White "Strikovic, Aleksa"]
[Black "Loiacono, Antonio"]
[Result "1-0"]
[WhiteElo "2493"]
[BlackElo "2197"]
[Annotator "TA"]
[PlyCount "35"]
[EventDate "2018.??.??"]
[EventType "swiss"]
[EventCountry "ITA"]
[SourceTitle "playchess.com"]
[Source "ChessBase"]
[SourceQuality "1"]

{[%evp 30,35,55,55,393,377,529,523]} 1. c4 Nf6 2. Nc3 c5 3. Nf3 Nc6 4. d4 cxd4 5. Nxd4 g6 6. e4 Bg7 7. Be3 O-O 8. Be2 d6 9. O-O Nxd4 10. Bxd4 Bd7 11. Qd2 Bc6 12. f3 Nd7 13. Bf2 a5 14. Rab1 Nc5 15. b3 {[%cal Bb2b3,Bb3b4][%mdl 32]} Qb6 16. a3 {[#] LiveBook: 20 Games. B38: Sicilian: Maroczy Bind with 5...Bg7 and 7...0-0} a4 $146 {[%mdl 8192] [#]} (16... Qd8 $14) ({Predecessor:} 16... Qd8 17. Bd1 e6 18. Bc2 b6 19. Rfd1 Qc8 20. b4 axb4 21. axb4 Nd7 22. Bb3 Be5 23. Nb5 d5 24. cxd5 Bxb5 25. dxe6 {1-0 (43) Mareco,S (2599)-Alonso,S (2501) Buenos Aires 2015}) 17. b4 $18 Nb3 (17... Qa7 $142 18. bxc5 Qa5) 18. Rxb3 $1 ({Weaker is} 18. Bxb6 Nxd2 19. Rbc1 Nxf1 $17) 1-0

[Event "Forni di Sopra Dolomiti 2018"]
[Site "Forni di Sopra"]
[Date "2018.06.09"]
[Round "1.6"]
[White "Martorelli, Antonio"]
[Black "Rotstein, Arkadij"]
[Result "0-1"]
[WhiteElo "2184"]
[BlackElo "2490"]
[Annotator "TA"]
[PlyCount "88"]
[EventDate "2018.??.??"]
[EventType "swiss"]
[EventCountry "ITA"]
[SourceTitle "playchess.com"]
[Source "ChessBase"]
[SourceQuality "1"]

{[%evp 18,88,0,-20,0,0,0,0,13,10,17,8,-2,-156,-157,-156,-154,-152,-169,-335,-134,-178,-170,-183,-174,-217,-157,-177,-115,-112,-97,-108,-108,-108,-103,-134,-117,-211,-213,-231,-239,-275,-244,-260,-254,-271,-271,-267,-242,-245,-233,-279,-269,-264,-268,-459,-446,-472,-453,-503,-490,-522,-538,-491,-469,-999,-916,-913,-745,-939,-924,-12844,-12844]} 1. e4 c5 2. c3 Nf6 3. e5 Nd5 4. d4 cxd4 5. Nf3 e6 6. cxd4 d6 7. Bc4 Be7 8. O-O Nc6 9. Qe2 O-O {B22: Sicilian: 2 c3} 10. Bd2 {LiveBook: 14 Games} (10. Rd1 Na5 11. Bxd5 exd5 12. Nc3 Be6 13. Bf4 a6 14. h3 Re8 15. exd6 Bxd6 16. Bxd6 Qxd6 17. Qe5 Nc4 18. Qxd6 Nxd6 {½-½ (32) Nisipeanu,L (2672)-Grischuk,A (2785) Heraklio 2017}) 10... a6 11. Nc3 Nxc3 {The position is equal.} 12. Bxc3 b5 13. Bd3 {Hoping for Qe4.} Bb7 14. Qe4 {[%csl Gd3][%cal Re4h7]} g6 15. Qg4 $146 (15. Qe3 $11) ({Predecessor:} 15. Rad1 b4 16. Bd2 Qd7 {0-1 (36) Cannon,D (1916)-Zhao,Z (2533) Ballarat 2017}) 15... dxe5 $17 16. d5 Qxd5 17. Rad1 {Black must now prevent Bxg6.} Qc5 ({Don't play} 17... Qxa2 18. Bb1 $15) 18. Rc1 $2 (18. Qg3) 18... Qd6 (18... f5 $19 {is more deadly.} 19. Qh3 e4) 19. Rfd1 {next Bxg6 is good for White.} Qb8 20. Qg3 {[%cal Rf3e5]} Bf6 21. h4 Nd4 {...Bxf3 is the strong threat.} 22. h5 {[#]} e4 ({Better is} 22... b4 $1 $19 23. Bxd4 (23. Bxb4 Bxf3) 23... exd4) 23. Qxb8 Raxb8 24. Bxd4 Bxd4 25. Nxd4 exd3 26. Rxd3 Rfd8 27. h6 {[#]} (27. hxg6 $17 {is a better defense.} hxg6 28. Rcd1) 27... Rd7 $1 $19 28. Rcd1 Rbd8 29. f4 f6 {And now ...e5 would win.} 30. R3d2 Kf7 31. Kf2 e5 32. fxe5 fxe5 33. Nf3 Rxd2+ 34. Nxd2 {[%mdl 4096] Endgame KRB-KRN} g5 35. Ke3 Kg6 ({Less strong is} 35... Bxg2 36. Rg1 $17) 36. a4 $2 (36. Rg1 {was necessary.}) 36... Bxg2 {Black is clearly winning.} 37. Rc1 Kxh6 38. Rc5 e4 39. Re5 Rd3+ 40. Ke2 bxa4 41. Nc4 (41. Nxe4 $142 Rb3 42. Nd2 Rxb2 43. Ra5) 41... g4 {[%cal Bg5g4,Bg4g3][%mdl 32]} 42. Kf2 Bh1 {( -> ...g3+)} 43. Ne3 {[#]} g3+ $1 44. Kg1 (44. Kxg3 Rxe3+) 44... Bf3 {Precision: White = 32%, Black = 70%.} 0-1

[Event "Forni di Sopra Dolomiti 2018"]
[Site "Forni di Sopra"]
[Date "2018.06.09"]
[Round "1.7"]
[White "Bellia, Fabrizio"]
[Black "Vezzani, Stefano"]
[Result "1-0"]
[WhiteElo "2428"]
[BlackElo "2113"]
[Annotator "TA"]
[PlyCount "101"]
[EventDate "2018.??.??"]
[EventType "swiss"]
[EventCountry "ITA"]
[SourceTitle "playchess.com"]
[Source "ChessBase"]
[SourceQuality "1"]

{[%evp 18,101,32,27,40,35,39,20,45,17,18,0,16,17,29,15,25,12,25,22,25,20,27,17,15,0,35,-31,32,0,40,0,0,0,20,35,19,32,20,12,35,9,22,17,24,16,50,50,103,93,122,117,112,119,116,105,117,108,238,137,165,98,134,119,152,152,152,116,382,168,326,146,248,242,237,188,4400,2670,29974,29975,29975,29976,29973,29975,29974,12837]} 1. e4 d5 2. exd5 Qxd5 3. Nc3 Qd8 4. d4 Nf6 5. Nf3 Bg4 6. h3 Bxf3 {B01: Scandinavian Defence} 7. Qxf3 c6 8. Qd3 e6 9. g3 Nbd7 10. Bg2 {LiveBook: 7 Games} Bd6 11. O-O O-O 12. Rd1 $146 ({Predecessor:} 12. a3 Qc7 13. Rd1 Rad8 14. b3 {1-0 (45) Carlsen,M (2877)-Djukic,N (2521) Tromsoe 2014}) 12... Qc7 13. a4 a5 14. b3 Rad8 15. Bb2 Rfe8 16. Qe2 Bf8 17. Nb1 {[%cal Bc3b1,Bb1a3,Ba3c4][%mdl 32]} g6 18. Na3 Bg7 19. Nc4 Nd5 20. Re1 b6 21. Rad1 Bf8 22. Rd3 (22. Nd2 $14) 22... Bg7 (22... b5 $15 23. axb5 cxb5) 23. Rdd1 Bf8 24. Qf3 b5 25. Nd2 Bg7 26. axb5 cxb5 27. c4 bxc4 28. bxc4 Nb4 29. Qb3 Nb6 30. c5 N6d5 31. Nc4 Bf8 32. Ra1 Rb8 ({Better is} 32... Ra8 $14) 33. Rxa5 $16 Nc6 34. Rb5 $36 {[%mdl 2048] White is really pushing.} Rxb5 35. Qxb5 {[#] Black must now prevent Bxd5.} Rb8 36. Qa4 Rb4 37. Qa2 Qb8 (37... Qa7 $16 38. Qxa7 Nxa7) 38. Ba1 (38. Bxd5 $18 exd5 39. Nb6 Nxd4 40. Bxd4 (40. Qxd5 Rxb2 41. Qxd4 Bxc5 $11) 40... Rxd4 41. Qc2 (41. Nxd5 Qb7 $11)) 38... Qb5 39. Bf1 ({White should play} 39. Bxd5 $18 exd5 40. Nd6 Bxd6 41. cxd6) 39... Qb8 40. Qa6 Rb1 41. Rxb1 Qxb1 42. Bb2 Nde7 $2 {[%mdl 8192] [#]} (42... Ndb4 $16 43. Qa3 h6) 43. Qa4 (43. Qa8 $142) 43... h5 $2 (43... g5 44. Qa8 Qd1) 44. Bc3 (44. Qa8 $18 {is more deadly.}) 44... Nd5 (44... h4 $16) 45. Qxc6 $18 Nxc3 46. Qf3 Qc1 $2 (46... Nd5 47. Ne5 f6) 47. Ne5 f5 48. Qb7 {White mates.} Bg7 49. Qf7+ Kh8 50. Qe8+ Kh7 51. Qxg6+ {Precision: White = 38%, Black = 25%.} 1-0

[Event "Forni di Sopra Dolomiti 2018"]
[Site "Forni di Sopra"]
[Date "2018.06.09"]
[Round "1.8"]
[White "Garofalo, Simone"]
[Black "Bryzgalin, Kirill"]
[Result "1/2-1/2"]
[WhiteElo "2110"]
[BlackElo "2427"]
[Annotator "TA"]
[PlyCount "68"]
[EventDate "2018.??.??"]
[EventType "swiss"]
[EventCountry "ITA"]
[SourceTitle "playchess.com"]
[Source "ChessBase"]
[SourceQuality "1"]

{[%evp 12,68,42,38,85,84,83,34,32,33,12,0,3,-1,15,-3,0,0,0,0,0,0,0,0,0,0,0,0,11,0,0,0,0,0,0,-8,0,0,0,-5,7,0,16,12,14,14,22,8,27,26,19,0,31,0,33,0,33,0,42]} 1. e4 c5 2. Nf3 e6 3. Nc3 a6 4. d4 cxd4 5. Nxd4 b5 6. Bd3 Qb6 7. Nf3 Bc5 {B43: Sicilian: Kan Variation: 5 Nc3} (7... Bb7 8. O-O Qc7 9. Re1 Be7 10. Qd2 Nf6 11. Qg5 Kf8 12. Bf4 Qd8 13. e5 Nd5 14. Qg3 Nxf4 15. Qxf4 Bxf3 16. Qxf3 {½-½ (29) Grischuk,A (2772)-Khismatullin,D (2632) Riadh 2017}) 8. O-O Qc7 9. a4 $146 ({Predecessor:} 9. Qd2 Be7 10. b3 d6 11. Bb2 Nf6 12. a4 b4 13. Na2 Nc6 14. Nxb4 Nxb4 15. Qxb4 d5 16. Qe1 dxe4 17. Bxe4 Nxe4 18. Qxe4 {½-½ (44) Bromberger,S (2440)-Eisenbeiser,A (2304) Austria 2005}) 9... b4 {White is slightly better.} 10. Ne2 Nc6 11. c3 bxc3 12. Nxc3 Nge7 13. Qe2 Ng6 14. Be3 Bxe3 15. Qxe3 O-O 16. Rfc1 Rb8 17. Rab1 Qa5 18. Nd4 Nb4 19. Bf1 Qb6 20. Qd2 Ne5 {[%cal Bg6e5,Be5c6,Bc6b4][%mdl 32]} 21. h3 Bb7 22. Nc2 Nxc2 23. Rxc2 Qb3 24. Rcc1 {[%cal Bc2c1,Bc1d1,Bd1d4][%mdl 32]} Rfd8 25. Qd4 Nc6 26. Qd6 Nb4 27. Rd1 h6 28. Rd4 Nc6 29. Rd2 Rbc8 30. Rbd1 Qb6 31. Rb1 Qb3 32. Rbd1 Qb6 $1 33. Rb1 Qb3 34. Rbd1 Qb6 $1 {Precision: White = 40%, Black = 69%.} 1/2-1/2

[Event "Forni di Sopra Dolomiti 2018"]
[Site "Forni di Sopra"]
[Date "2018.06.09"]
[Round "1.9"]
[White "Beshukov, Sergei"]
[Black "Dobboletta, Alex"]
[Result "1-0"]
[WhiteElo "2402"]
[BlackElo "2105"]
[Annotator "TA"]
[PlyCount "83"]
[EventDate "2018.??.??"]
[EventType "swiss"]
[EventCountry "ITA"]
[SourceTitle "playchess.com"]
[Source "ChessBase"]
[SourceQuality "1"]

{[%evp 14,83,31,12,16,4,14,-8,8,-18,-8,-18,-20,-15,-4,-10,0,-37,0,-8,0,-3,-7,-35,14,-6,6,10,19,0,0,-16,-16,-7,-7,-50,-40,-50,-30,-17,0,-18,31,32,297,286,413,345,437,461,461,458,449,444,565,327,437,368,353,362,360,341,339,358,410,325,323,330,383,333,383,358]} 1. Nf3 d5 2. g3 e6 3. Bg2 Bd6 4. c4 c6 5. O-O Nf6 6. b3 {A13: English Opening: 1...e6} O-O 7. Bb2 Qe7 (7... Nbd7 8. d4 Ne4 9. Nbd2 Qe7 10. Qc2 f5 11. Ne5 Nxe5 12. dxe5 Bc5 13. Rac1 b6 14. Nf3 Bb7 15. e3 Rac8 16. Nd4 Rfd8 17. f3 Ng5 18. cxd5 cxd5 19. Qd3 {½-½ (54) Barbosa,E (2518)-Molina,R (2448) Florianopolis 2018}) 8. Nc3 {LiveBook: 3 Games. White is slightly better.} e5 9. cxd5 Nxd5 10. d3 Rd8 $146 ({Predecessor:} 10... Nd7 11. Nd2 N7b6 12. a4 a5 13. Nce4 Bb4 14. Nc4 Nxc4 15. bxc4 {0-1 (30) Gaspar,A (2225)-Hernando Rodrigo,J (2310) Algarve 1998}) 11. Qc1 Nxc3 12. Qxc3 {[%cal Rf3e5]} f6 13. Nd2 Be6 14. Ne4 Bb4 15. Qc1 Qf8 16. f4 exf4 17. Qxf4 Nd7 {[%cal Bb8d7,Bd7c5,Bc5e6,Be6d4,Bd4c2][%mdl 32]} 18. Kh1 Ba3 19. Bc3 Be7 {[%cal Ba3e7,Be7c5,Bc5b4][%mdl 32]} 20. Qc7 {And now Ng5! would win.} Rab8 21. Ng5 Nc5 22. Nxe6 Nxe6 23. Qa5 Bc5 24. Bh3 Nd4 25. Rae1 Nc2 26. Rc1 Nd4 27. Bb2 Bb4 28. Qh5 $36 {[%mdl 2048] Hoping for Rc4. White is pushing.} Rd5 $2 {[%mdl 8192] [#]} ({Black should try} 28... Bd2 $1 $14) 29. Qh4 $1 $18 Rbd8 (29... Qd6 {was called for.} 30. Rc4 Bc5) 30. Rc4 c5 31. e3 b5 32. Rxb4 ({Not} 32. Bxd4 Rxd4 33. Be6+ (33. exd4 bxc4 34. dxc5 Bxc5 $16) (33. Rxd4 cxd4 34. Bf5 h6 $16) 33... Kh8 $16) 32... cxb4 33. Bxd4 {[#] aiming for Be6+.} Qd6 34. Qf4 Qe7 35. Qe4 Qxe4+ 36. dxe4 R5d6 37. Rc1 ({Much less strong is} 37. Bxa7 Rd2 $18) 37... Re8 38. Rc7 Ra6 39. Rxa7 Rxa7 40. Bxa7 Kf7 41. Bd4 Ra8 42. Bd7 {Precision: White = 53%, Black = 35%.} 1-0